000 00865nam a2200253Ia 4500
003 OSt
005 20221005105307.0
006 a|||||r|||| 00| 0
007 ta
008 221004b |||||||| |||| 00| 0 hin d
020 _a8178440390 (hbk)
024 _a29812
037 _cTextual
040 _aCRL
_cCRL
_bhin
041 _2hin
_ahin
082 _aV73.N5, 152P7
100 _aपार्केस, हेनरी बेमफोर्ड
_9163805
245 0 _aअमरीका का इतिहास
246 _aAmarīkā kā itihāsa
260 _aनई दिल्ली
_bके. के. पब्लिकेशन्स भारत
_c2007
300 _a558पृ., ृ
_ccm.
942 _hV73.N5, 152P7
_cTEXL
_2cc
999 _c1015387
_d1015387